Writing well /

Bibliographic Details
Main Author: Hall, Donald, 1928-2018
Format: Book
Language:English
Published: Boston : Little, Brown, [1979]
Edition:3rd ed.
Subjects:

MARC

Tag First Indicator Second Indicator Subfields
LEADER 00000cam a2200000 a 4500
001 in00000078759
005 20190504063214.0
008 790524s1979 mau 00110 engm
010 |a  78021784  
035 |a (OCoLC)04836608 
035 |9 AAH9051AM 
040 |a DLC  |c DLC  |d m.c.  |d TXA  |d UtOrBLW 
049 |a TXAM  |c [1422113] 
050 0 0 |a PE1408  |b .H312 1979 
082 0 |a 808/.042 
100 1 |a Hall, Donald,  |d 1928-2018. 
245 1 0 |a Writing well /  |c Donald Hall. 
250 |a 3rd ed. 
264 1 |a Boston :  |b Little, Brown,  |c [1979] 
264 4 |c ©1979 
300 |a xiv, 416 pages ;  |c 23 cm. 
336 |a text  |b txt  |2 rdacontent 
337 |a unmediated  |b n  |2 rdamedia 
338 |a volume  |b nc  |2 rdacarrier 
500 |a Includes indexes. 
650 0 |a English language  |x Rhetoric. 
999 |a MARS 
999 f f |s a860687d-095d-386a-b340-a64aa82a77f3  |i 8bf247f3-e3a8-341e-8c87-f695ab0bf211  |t 0 
952 f f |p ric  |a Texas A&M University  |b Rellis Campus  |c Joint Library Facility  |s JLF  |d Remote Storage  |t 0  |e PE1408 .H312 1979  |h Library of Congress classification  |i unmediated -- volume  |m A14806174820 
998 f f |a PE1408 .H312 1979  |t 0  |l Remote Storage